| 000 | 01055cam a22002295a 4500 | ||
|---|---|---|---|
| 001 | L159629 | ||
| 008 | 110613s2017 xxka 000 0 eng u | ||
| 035 | _a(Sirsi) u159629 | ||
| 041 | 0 | _aeng | |
| 050 | _a690.241 $2 18 | ||
| 110 | 2 |
_aRoyal Institution of Chartered Surveyors _94900 |
|
| 245 | 0 | 0 |
_aWood be champions _bRICS awards 2017 |
| 260 |
_aLondon _bRICS _c2017 |
||
| 490 |
_aModus _vNovember 2017, 26-31 (6) |
||
| 505 | 2 | _aProject of the year -- Regeneration -- Community benefit -- Infrastructure -- Residential -- Building conservation -- Design through innovation -- Commercial | |
| 520 | _aProfiles the winners of the RICS Awards 2017, including Remembrance Centre at the National Memorial Arboretum, New Waverley Arches, the Word - the National Centre for the Written Word, Wemyss Bay Pier Walkway, Clementhorpe Maltings, Glynde Place, British Airways 1360 in Brighton, One Central Square in Cardiff. | ||
| 521 | _aIntroductory | ||
| 590 | _aKA | ||
| 651 | 4 |
_aUnited Kingdom _y |
|
| 690 | _aABOUT RICS-AWARDS-RICS AWARDS | ||
| 942 | _n0 | ||
| 999 |
_c84883 _d84883 |
||